Datum a čas kvízu
30.5
Celkem bodů
Celkový počet nahraných bodů na tomto kvízu bez doplňovacích otázek.
5.
Pořadí na kvízu
Konečné umístění týmu na tomto kvízu.
Zaznamenané odpovědi
| # | Otázka | Odpověď | Body | Výsledky |
|---|---|---|---|---|
| 1. | Někteří senátoři chtějí ve Va... | lavička s popelníkem | 0 | |
| 2. | Saúdskoarabský korunní princ M... | Jeff Bezos | 1 | |
| 3. | Nejvíce nominací na hudební Ce... | Vladimír Mišík | 1 | |
| 4. | Do švýcarského městečka Davos... | Světové ekonomické fórum (WEF) | 0 | |
| 5. | Čínská tenistka Wang Čhiang, 2... | Serenu Williamsovou | 0 | |
| 6. | Jelikož se o ostrovech zmiňuje... | D | 1 | |
| 7. | Jak se nazývá ostrov, na němž... | Borneo | 1 | |
| 8. | Za jistou formu "ostrova" se d... | B C | 1 | |
| 9. | Ostrovid je druhové jméno jist... | rys | 1 | |
| 10. | Jak se jmenoval německý patolo... | Paul Langerhans | 0 |